World Capitals Quiz Extreme Difficulty - Statistics

General Stats
  • This quiz has been taken 18 times
    5 since last reset
  • The average score is 127 of 263
Answer Stats
Country Capital City % Correct
Palau Ngerulmud
100%
Federated States of Micronesia Palikir
100%
Netherlands (Official) Amsterdam
75%
Andorra Andorra la Vella
75%
Samoa Apia
75%
European Union (De Facto) Brussels
75%
Australia Canberra
75%
Sri Lanka (Executive / Judicial) Colombo
75%
Tuvalu Funafuti
75%
Finland Helsinki
75%
Solomon Islands Honiara
75%
Indonesia Jakarta
75%
Malaysia (De Jure) Kuala Lumpur
75%
Tonga Nukuʻalofa
75%
Greenland Nuuk
75%
French Polynesia Papeete
75%
Papua New Guinea Port Moresby
75%
Vanuatu Port Vila
75%
Yemen (De Jure) Sana'a
75%
Sri Lanka (Official) Sri Jayawardenepura Kotte
75%
Fiji Suva
75%
Albania Tirana
75%
Austria Vienna
75%
New Zealand Wellington
75%
Ivory Coast (De Jure) Yamoussoukro
75%
Nauru Yaren
75%
Ivory Coast (Economic) Abidjan
50%
United Arab Emirates Abu Dhabi
50%
Nigeria Abuja
50%
Ghana Accra
50%
Ethiopia Addis Ababa
50%
Yemen (De Facto) Aden
50%
Algeria Algiers
50%
Jordan Amman
50%
Turkey Ankara
50%
Madagascar Antananarivo
50%
Turkmenistan Ashgabat
50%
Eritrea Asmara
50%
Kazakhstan Astana
50%
Paraguay Asunción
50%
Greece Athens
50%
Iraq Baghdad
50%
Azerbaijan Baku
50%
Mali Bamako
50%
Brunei Bandar Seri Begawan
50%
Thailand Bangkok
50%
Central African Republic Bangui
50%
Gambia Banjul
50%
Saint Kitts and Nevis Basseterre
50%
China Beijing
50%
Lebanon Beirut
50%
Serbia Belgrade
50%
Belize Belmopan
50%
Germany Berlin
50%
Switzerland Bern
50%
Kyrgyzstan Bishkek
50%
Guinea-Bissau Bissau
50%
South Africa (Judicial) Bloemfontein
50%
Colombia Bogotá
50%
Brazil Brasília
50%
Slovakia Bratislava
50%
Republic of the Congo Brazzaville
50%
Barbados Bridgetown
50%
Belgium Brussels
50%
Romania Bucharest
50%
Hungary Budapest
50%
Argentina Buenos Aires
50%
Burundi (De Facto) Bujumbura
50%
Egypt Cairo
50%
South Africa (Legislative) Cape Town
50%
Venezuela Caracas
50%
Saint Lucia Castries
50%
Moldova Chișinău
50%
Equatorial Guinea Ciudad De La Paz
50%
Guinea Conakry
50%
Denmark Copenhagen
50%
Senegal Dakar
50%
Syria Damascus
50%
Bangladesh Dhaka
50%
East Timor Dili
50%
Djibouti Djibouti
50%
Tanzania Dodoma
50%
Qatar Doha
50%
Ireland Dublin
50%
Tajikistan Dushanbe
50%
Tristan da Cunha Edinburgh of the Seven Seas
50%
Sierra Leone Freetown
50%
Botswana Gaborone
50%
Guyana Georgetown
50%
Gibraltar Gibraltar
50%
Burundi (De Jure) Gitega
50%
Guatemala Guatemala City
50%
Vietnam Hanoi
50%
Zimbabwe Harare
50%
Cuba Havana
50%
Pakistan Islamabad
50%
Israel Jerusalem
50%
Palestine (Official) Jerusalem
50%
South Sudan Juba
50%
Afghanistan Kabul
50%
Uganda Kampala
50%
Nepal Kathmandu
50%
Sudan Khartoum
50%
Rwanda Kigali
50%
Jamaica Kingston
50%
Saint Vincent and the Grenadines Kingstown
50%
Democratic Republic of the Congo Kinshasa
50%
Kuwait Kuwait City
50%
Ukraine Kyiv
50%
Bolivia (Administrative) La Paz
50%
Gabon Libreville
50%
Malawi Lilongwe
50%
Peru Lima
50%
Portugal Lisbon
50%
Slovenia Ljubljana
50%
Togo Lomé
50%
United Kingdom London
50%
Angola Luanda
50%
Zambia Lusaka
50%
Luxembourg Luxembourg
50%
Spain Madrid
50%
Marshall Islands Majuro
50%
Maldives Malé
50%
Nicaragua Managua
50%
Bahrain Manama
50%
Philippines Manila
50%
Mozambique Maputo
50%
Lesotho Maseru
50%
Eswatini (Administrative) Mbabane
50%
Mexico Mexico City
50%
Belarus Minsk
50%
Somalia Mogadishu
50%
Monaco Monaco
50%
Liberia Monrovia
50%
Uruguay Montevideo
50%
Comoros Moroni
50%
Russia Moscow
50%
Oman Muscat
50%
Kenya Nairobi
50%
Bahamas Nassau
50%
Myanmar Naypyidaw
50%
Chad N'Djamena
50%
India New Delhi
50%
Niger Niamey
50%
Cyprus Nicosia
50%
Northern Cyprus Nicosia
50%
Mauritania Nouakchott
50%
New Caledonia Nouméa
50%
Norway Oslo
50%
Canada Ottawa
50%
Burkina Faso Ouagadougou
50%
American Samoa Pago Pago
50%
Panama Panama City
50%
Suriname Paramaribo
50%
France Paris
50%
Cambodia Phnom Penh
50%
Montenegro Podgorica
50%
Haiti Port-au-Prince
50%
Mauritius Port Louis
50%
Trinidad and Tobago Port-of-Spain
50%
Benin (Official) Porto-Novo
50%
Czech Republic Prague
50%
Cape Verde Praia
50%
South Africa (Executive) Pretoria
50%
Kosovo Pristina
50%
North Korea Pyongyang
50%
Ecuador Quito
50%
Morocco Rabat
50%
Palestine (De Facto) Ramallah
50%
Iceland Reykjavík
50%
Latvia Riga
50%
Saudi Arabia Riyadh
50%
Italy Rome
50%
Dominica Roseau
50%
Grenada Saint George's
50%
Antigua and Barbuda Saint John's
50%
Costa Rica San José
50%
Puerto Rico San Juan
50%
San Marino San Marino
50%
El Salvador San Salvador
50%
Chile Santiago
50%
Dominican Republic Santo Domingo
50%
São Tomé and Príncipe São Tomé
50%
Bosnia and Herzegovina Sarajevo
50%
South Korea Seoul
50%
Singapore Singapore
50%
North Macedonia Skopje
50%
Bulgaria Sofia
50%
Kiribati South Tarawa
50%
Falkland Islands Stanley
50%
Sweden Stockholm
50%
Bolivia (Constitutional) Sucre
50%
Taiwan Taipei
50%
Estonia Tallinn
50%
Uzbekistan Tashkent
50%
Georgia Tbilisi
50%
Honduras Tegucigalpa
50%
Iran Tehran
50%
Netherlands (De Facto) The Hague
50%
Bhutan Thimphu
50%
Japan Tokyo
50%
Faroe Islands Tórshavn
50%
Libya Tripoli
50%
Tunisia Tunis
50%
Mongolia Ulaanbaatar
50%
Liechtenstein Vaduz
50%
Malta Valletta
50%
Vatican City Vatican City
50%
Seychelles Victoria
50%
Laos Vientiane
50%
Lithuania Vilnius
50%
Poland Warsaw
50%
United States Washington D.C.
50%
Namibia Windhoek
50%
Cameroon Yaoundé
50%
Armenia Yerevan
50%
Croatia Zagreb
50%
Pitcairn Islands Adamstown
25%
Niue Alofi
25%
Tokelau Atafu/Nukunonu /Fakaofo
25%
Cook Islands Avarua
25%
Montserrat (De Facto) Brades
25%
United States Virgin Islands Charlotte Amalie
25%
Turks and Caicos Islands Cockburn Town
25%
Honduras (Constitutional Co-Capital) Comayagüela
25%
Benin (De Facto) Cotonou
25%
British Indian Ocean Territory (De Facto) Diego Garcia
25%
Isle of Man Douglas
25%
Akrotiri and Dhekelia Episkopi Cantonment
25%
Christmas Island Flying Fish Cove
25%
Ascension Island Georgetown
25%
Cayman Islands George Town
25%
Saint Barthélemy Gustavia
25%
Guam Hagåtña
25%
Bermuda Hamilton
25%
Somaliland Hargeisa
25%
Saint Helena Jamestown
25%
South Georgia and the South Sandwich Islands King Edward Point / Grytviken
25%
Norfolk Island Kingston
25%
Western Sahara (Declared) Laayoune
25%
Eswatini (Royal / Legistlative) Lobamba
25%
British Indian Ocean Territory (Administrative) London
25%
Åland Islands Mariehamn
25%
Saint Martin Marigot
25%
Wallis and Futuna Mata Utu
25%
Indonesia (New) Nusantara
25%
Aruba Oranjestad
25%
Sint Maarten Philipsburg
25%
Montserrat (De Jure) Plymouth
25%
Malaysia (Administrative and Judicial) Putrajaya
25%
British Virgin Islands Road Town
25%
British Antarctic Territory Rothera
25%
Northern Mariana Islands Saipan
25%
Jersey St. Helier
25%
Guernsey St. Peter Port
25%
Saint Pierre and Miquelon St. Pierre
25%
Abkhazia Sukhumi
25%
Anguilla The Valley
25%
Western Sahara (De Facto) Tifariti
25%
Transnistria Tiraspol
25%
South Ossetia Tskhinvali
25%
Cocos (Keeling) Islands West Island
25%
Curaçao Willemstad
25%
No matching quizzes found
Score Distribution
Percent of People with Each Score
Percentile by Number Answered
Your Score History
You have not taken this quiz since the last reset